[Event "BPB Limburg open B"]
[Site "Maastricht"]
[Date "2015.05.23"]
[Round "3"]
[White "Wuijts, Johan"]
[Black "Wlogalski, Olivier"]
[Result "1-0"]
[WhiteElo "1782"]
[BlackElo "1892"]
[PlyCount "61"]
[EventDate "2015.05.22"]
[EventType "swiss"]
[EventRounds "7"]
[EventCountry "NED"]
[Source "P.Boonen"]
[SourceDate "2015.10.01"]

1. e4 d5 2. exd5 Qxd5 3. Nc3 Qa5 4. Nf3 Nf6 5. Be2 Bf5 6. O-O Nbd7 7. d3 c6 8.
Bf4 O-O-O 9. Nd2 Nb6 10. Nb3 Qb4 11. Bg3 e6 12. a3 Qe7 13. Bf3 g5 14. Qe2 h5
15. Qe5 Nbd5 16. Qb8+ Kd7 17. Qxb7+ Ke8 18. Qxc6+ Qd7 19. Qxd7+ Rxd7 20. Be5
Rh6 21. Bxf6 Rxf6 22. Bxd5 exd5 23. Rae1+ Be6 24. Re5 Rg6 25. Rfe1 Kd8 26. Nd4
Rd6 27. Nf3 Be7 28. Nd4 Rb6 29. Nxd5 Bxd5 30. Rxd5+ Bd6 31. c4 1-0

[Event "BPB Limburg open B"]
[Site "Maastricht"]
[Date "2015.05.24"]
[Round "4"]
[White "Arns, Danny"]
[Black "Behr, Rene"]
[Result "0-1"]
[WhiteElo "1841"]
[BlackElo "1881"]
[PlyCount "84"]
[EventDate "2015.05.22"]
[EventType "swiss"]
[EventRounds "7"]
[EventCountry "NED"]
[Source "P.Boonen"]
[SourceDate "2015.10.01"]

1. e4 c5 2. d4 cxd4 3. c3 d5 4. exd5 Qxd5 5. Qxd4 Qxd4 6. cxd4 Nc6 7. Bb5 Bd7
8. Bxc6 Bxc6 9. f3 e6 10. Nc3 Nf6 11. Nge2 Bb4 12. a3 Ba5 13. Bg5 Nd5 14. Bd2
Bb6 15. Nxd5 Bxd5 16. Bc3 O-O 17. h4 Rfd8 18. Rd1 Rd7 19. h5 Rad8 20. Rh4 Bc4
21. Re4 f6 22. Rd2 Kf7 23. h6 g6 24. b4 Rc8 25. Bb2 Rc6 26. a4 a6 27. Rc2 Bd5
28. Rxc6 Bxc6 29. Rf4 Bc7 30. Rxf6+ Kxf6 31. d5+ Be5 32. dxc6 bxc6 33. Nc3
Bxc3+ 34. Bxc3+ Kf5 35. Ke2 Rd5 36. g4+ Kg5 37. Bg7 Kf4 38. Bc3 Kg3 39. Be1+
Kg2 40. Bc3 Kg3 41. Be1+ Kf4 42. Bf2 Re5+ 0-1

[Event "BPB Limburg open B"]
[Site "Maastricht"]
[Date "2015.05.24"]
[Round "4"]
[White "Beranek, Tomas"]
[Black "Larkin, Vladislav"]
[Result "0-1"]
[WhiteElo "1803"]
[BlackElo "1863"]
[PlyCount "78"]
[EventDate "2015.05.22"]
[EventType "swiss"]
[EventRounds "7"]
[EventCountry "NED"]
[Source "P.Boonen"]
[SourceDate "2015.10.01"]

1. d4 e6 2. c4 Nf6 3. Nc3 Bb4 4. Nf3 O-O 5. Bg5 b6 6. e3 Bb7 7. Bd3 h6 8. Bh4
Re8 9. O-O Bxc3 10. bxc3 d6 11. a4 a5 12. Ra2 Nbd7 13. Re2 g5 14. Bg3 Ne4 15.
Qc2 f5 16. Nd2 Ndf6 17. f3 Nxg3 18. hxg3 Qd7 19. e4 f4 20. g4 e5 21. Kf2 Kg7
22. d5 Rh8 23. Rh1 Rh7 24. Ree1 Rah8 25. Rh2 h5 26. gxh5 Rxh5 27. Rxh5 Rxh5 28.
Rg1 g4 29. Ke1 g3 30. Kd1 Qe8 31. Kc1 Nd7 32. Qd1 Nc5 33. Bc2 Bc8 34. Kb2 Bd7
35. Ka3 Qh8 36. Nf1 Rh1 37. Nd2 Rxg1 38. Qxg1 Qh2 39. Qf1 Bh3 0-1

[Event "BPB Limburg open B"]
[Site "Maastricht"]
[Date "2015.05.24"]
[Round "4"]
[White "Boudry, William"]
[Black "Mercan, Oscar"]
[Result "1-0"]
[WhiteElo "1711"]
[BlackElo "1794"]
[PlyCount "61"]
[EventDate "2015.05.22"]
[EventType "swiss"]
[EventRounds "7"]
[EventCountry "NED"]
[Source "P.Boonen"]
[SourceDate "2015.10.01"]

1. e4 e5 2. Nf3 Nc6 3. Bc4 Nf6 4. O-O Bc5 5. d3 Na5 6. Nxe5 O-O 7. Bb3 Nxb3 8.
axb3 Re8 9. Nf3 d5 10. e5 Ng4 11. d4 Bb6 12. h3 Nh6 13. Bg5 Qd7 14. Bxh6 gxh6
15. Nc3 c5 16. dxc5 Bxc5 17. Nxd5 Qf5 18. Nf6+ Kf8 19. Nxe8 Kxe8 20. Qe2 Bd7
21. Rfd1 Qg6 22. Qd3 Qc6 23. Qd5 Qc7 24. Qe4 Rc8 25. Qxh7 Qb6 26. Qh8+ Bf8 27.
Rd6 Rc6 28. Rxd7 Kxd7 29. Qxf8 Rxc2 30. Rd1+ Kc7 31. Qd8+ 1-0

[Event "BPB Limburg open B"]
[Site "Maastricht"]
[Date "2015.05.24"]
[Round "4"]
[White "Bratuszewski, Jorden"]
[Black "Ibrahim, Ashraf"]
[Result "1/2-1/2"]
[WhiteElo "1859"]
[BlackElo "1824"]
[PlyCount "117"]
[EventDate "2015.05.22"]
[EventType "swiss"]
[EventRounds "7"]
[EventCountry "NED"]
[Source "P.Boonen"]
[SourceDate "2015.10.01"]

1. Nf3 d5 2. d4 Nf6 3. c4 e6 4. g3 c6 5. Qc2 Nbd7 6. Bg2 Bd6 7. O-O O-O 8. Rd1
Re8 9. b3 b6 10. Nc3 Ba6 11. e4 dxe4 12. Ng5 Bb7 13. Ncxe4 Be7 14. Bf4 Nxe4 15.
Nxe4 Nf6 16. Bg5 Nxe4 17. Bxe7 Rxe7 18. Bxe4 h6 19. Rd2 Rd7 20. Rad1 Qg5 21. h4
Qf6 22. Qd3 Rad8 23. Qe3 Kf8 24. Kg2 Qe7 25. f4 c5 26. Bxb7 cxd4 27. Qe4 f5 28.
Qe5 Rxb7 29. Rxd4 Rxd4 30. Qxd4 Rb8 31. Kf2 Ke8 32. Qd6 Rb7 33. a3 Qxd6 34.
Rxd6 Ke7 35. Rd4 Kf6 36. Ke3 g5 37. hxg5+ hxg5 38. Rd8 gxf4+ 39. gxf4 Rh7 40.
Rf8+ Ke7 41. Rb8 Rh3+ 42. Ke2 Rxb3 43. Rb7+ Kd6 44. Rxa7 e5 45. fxe5+ Kxe5 46.
a4 Ke4 47. a5 Rb2+ 48. Ke1 bxa5 49. Rxa5 f4 50. Ra3 Rc2 51. c5 f3 52. Ra8 Ke3
53. Re8+ Kf4 54. Kf1 Rxc5 55. Rf8+ Rf5 56. Rxf5+ Kxf5 57. Kf2 Kf4 58. Kf1 Ke3
59. Ke1 1/2-1/2

[Event "BPB Limburg open B"]
[Site "Maastricht"]
[Date "2015.05.24"]
[Round "4"]
[White "Broekhuis, Jan"]
[Black "Schilperoort, Jeroen"]
[Result "1-0"]
[WhiteElo "1865"]
[BlackElo "1940"]
[PlyCount "65"]
[EventDate "2015.05.22"]
[EventType "swiss"]
[EventRounds "7"]
[EventCountry "NED"]
[Source "P.Boonen"]
[SourceDate "2015.10.01"]

1. e4 Nc6 2. Nf3 d6 3. c3 Nf6 4. d4 e5 5. Bd3 Bg4 6. Be3 g6 7. Nbd2 Bg7 8. d5
Ne7 9. h3 Bxf3 10. Qxf3 O-O 11. O-O Nd7 12. Bb5 f5 13. Bg5 Bf6 14. Bxd7 Bxg5
15. Be6+ Kg7 16. Rad1 Bxd2 17. Rxd2 fxe4 18. Qxe4 Rf4 19. Qe2 Nf5 20. Qb5 Qg5
21. Bxf5 Rxf5 22. Qxb7 Raf8 23. Rc2 R8f7 24. Qxa7 Rf3 25. Kh2 Rxh3+ 26. gxh3
Qf4+ 27. Kg1 Qg5+ 28. Kh1 Qh5 29. Kh2 c5 30. Qa4 Rf4 31. Qd7+ Kh6 32. Rg1 e4
33. Qxd6 1-0

[Event "BPB Limburg open B"]
[Site "Maastricht"]
[Date "2015.05.24"]
[Round "4"]
[White "Bulthuis, Jelle"]
[Black "Reichardt, Gert"]
[Result "0-1"]
[WhiteElo "1852"]
[BlackElo "2007"]
[PlyCount "48"]
[EventDate "2015.05.22"]
[EventType "swiss"]
[EventRounds "7"]
[EventCountry "NED"]
[Source "P.Boonen"]
[SourceDate "2015.10.01"]

1. e4 d6 2. d4 Nf6 3. Nc3 Nbd7 4. Bc4 c6 5. e5 dxe5 6. dxe5 Nxe5 7. Qxd8+ Kxd8
8. Bb3 e6 9. Bf4 Ng6 10. Bg5 Be7 11. Nf3 h6 12. Bd2 Bd6 13. O-O-O Ke7 14. g3
Bc5 15. Rhf1 b5 16. h4 a5 17. a3 Bb6 18. g4 Nxg4 19. h5 N6e5 20. Nxe5 Nxe5 21.
Rg1 g5 22. hxg6 Nxg6 23. Rh1 Bxf2 24. Bxh6 Rxh6 0-1

[Event "BPB Limburg open B"]
[Site "Maastricht"]
[Date "2015.05.24"]
[Round "4"]
[White "Cillen, Jeroen"]
[Black "Van der Valk, Reiner"]
[Result "1-0"]
[WhiteElo "1882"]
[BlackElo "1759"]
[PlyCount "107"]
[EventDate "2015.05.22"]
[EventType "swiss"]
[EventRounds "7"]
[EventCountry "NED"]
[Source "P.Boonen"]
[SourceDate "2015.10.01"]

1. e4 c6 2. d4 d5 3. exd5 cxd5 4. c4 Nf6 5. Nc3 e6 6. Nf3 Nc6 7. c5 b6 8. b4 a5
9. b5 Ne7 10. c6 Nf5 11. a3 Bd6 12. Bd3 O-O 13. Bb1 Re8 14. Ne5 Ne7 15. O-O Ng6
16. f4 Bc7 17. Qd3 Nf8 18. Ra2 Bb8 19. Raf2 Ra7 20. h3 Kh8 21. g4 Ng8 22. Ne2
Qd6 23. h4 Nf6 24. h5 Ne4 25. Rg2 f6 26. Nf3 Rf7 27. Nc3 Nxc3 28. Qxc3 Qc7 29.
Qd3 Rfe7 30. a4 Qd6 31. Ba3 Qxf4 32. Bxe7 Rxe7 33. Ne1 Qg5 34. Nf3 Qf4 35. g5
f5 36. Ne5 Qh4 37. Rf3 Bxe5 38. dxe5 Qxa4 39. Ra2 Qg4+ 40. Rg3 Qxh5 41. Rh2 Qf7
42. Rgh3 g6 43. Qd4 Ra7 44. Qxb6 Qe7 45. Qd4 Qxg5+ 46. Kh1 Rc7 47. Rg2 Qe7 48.
Bc2 g5 49. Ba4 g4 50. Rhh2 Qg5 51. Qc5 Ng6 52. b6 g3 53. bxc7 Nh4 54. Qf8+ 1-0

[Event "BPB Limburg open B"]
[Site "Maastricht"]
[Date "2015.05.24"]
[Round "4"]
[White "Cornelius, Jorg"]
[Black "Jansen, Ingeborg"]
[Result "0-1"]
[WhiteElo "2022"]
[BlackElo "1840"]
[PlyCount "74"]
[EventDate "2015.05.22"]
[EventType "swiss"]
[EventRounds "7"]
[EventCountry "NED"]
[Source "P.Boonen"]
[SourceDate "2015.10.01"]

1. e4 e5 2. Nf3 Nc6 3. Bb5 a6 4. Ba4 Nf6 5. d3 b5 6. Bb3 Be7 7. c3 d6 8. O-O
O-O 9. Re1 Na5 10. Bc2 c5 11. Nbd2 Nc6 12. Nf1 Re8 13. Ng3 h6 14. h3 Bf8 15.
Qe2 Qc7 16. Nh4 d5 17. Nhf5 Kh7 18. exd5 Nxd5 19. Nxh6 g6 20. Ng4 f5 21. Nh2
Be7 22. Nf3 f4 23. Ne4 Kg7 24. Bb3 Nf6 25. Nxf6 Bxf6 26. Bxf4 Bxh3 27. Bg5 Bf5
28. Qe3 Rh8 29. Bxf6+ Kxf6 30. Qg5+ Kg7 31. g4 Bxd3 32. Nxe5 c4 33. Rad1 Rae8
34. Rxd3 Nxe5 35. Rxe5 Rxe5 36. Rd7+ Qxd7 37. Qxe5+ Kg8 0-1

[Event "BPB Limburg open B"]
[Site "Maastricht"]
[Date "2015.05.24"]
[Round "4"]
[White "Corneth, Erik"]
[Black "Plug, Arjan"]
[Result "1-0"]
[WhiteElo "1984"]
[BlackElo "1876"]
[PlyCount "89"]
[EventDate "2015.05.22"]
[EventType "swiss"]
[EventRounds "7"]
[EventCountry "NED"]
[Source "P.Boonen"]
[SourceDate "2015.10.01"]

1. e4 e6 2. d4 d5 3. Nc3 h6 4. Nf3 Nf6 5. e5 Ne4 6. Bd3 Bb4 7. O-O Bxc3 8. bxc3
Nxc3 9. Qe1 Na4 10. c4 dxc4 11. Bxc4 Nb6 12. Bd3 Nc6 13. Qe4 Ne7 14. Ba3 Nbd5
15. Qg4 g6 16. Rac1 Bd7 17. h4 Bc6 18. h5 Rg8 19. Bxe7 Nxe7 20. hxg6 Nxg6 21.
Be4 Bxe4 22. Qxe4 c6 23. Rc5 Qd7 24. Nd2 Rd8 25. Nf3 Qe7 26. Rb1 Rd5 27. Rc3
Qd7 28. Qe3 Rh8 29. g3 Ne7 30. Qf4 Nf5 31. Rcb3 Rb5 32. Rxb5 cxb5 33. a4 Rg8
34. Rxb5 b6 35. d5 h5 36. d6 Rg4 37. Qc1 Rxa4 38. Rb3 Nd4 39. Nxd4 Rxd4 40. Rc3
Kf8 41. Rc8+ Kg7 42. Qg5+ Kh7 43. Qxh5+ Kg7 44. Qh8+ Kg6 45. Qf6+ 1-0

[Event "BPB Limburg open B"]
[Site "Maastricht"]
[Date "2015.05.24"]
[Round "4"]
[White "Cromsight, Jeroen"]
[Black "Staudte, Rainer"]
[Result "0-1"]
[WhiteElo "1981"]
[BlackElo "1871"]
[PlyCount "131"]
[EventDate "2015.05.22"]
[EventType "swiss"]
[EventRounds "7"]
[EventCountry "NED"]
[Source "P.Boonen"]
[SourceDate "2015.10.01"]

1. e4 c5 2. Nf3 Nc6 3. Nc3 g6 4. d4 cxd4 5. Nxd4 Bg7 6. Nb3 Nf6 7. Be2 d6 8.
O-O O-O 9. Bg5 a6 10. Kh1 b6 11. f4 h6 12. Bh4 Bb7 13. Bf3 Qc7 14. Nd5 Nxd5 15.
exd5 Na7 16. c3 Rfe8 17. Qd2 Qc4 18. Rad1 Rad8 19. Rfe1 Nc8 20. Re4 Qc7 21. Qe2
Rd7 22. Re3 Rf8 23. Bg4 f5 24. Bf3 b5 25. Nd4 Rf7 26. a3 Nb6 27. Ne6 Qc4 28.
Nxg7 Qxe2 29. Rxe2 Rxg7 30. Bf2 Na8 31. h4 Nc7 32. Bb6 g5 33. fxg5 hxg5 34.
hxg5 Rxg5 35. Be3 Rg7 36. Red2 Ne8 37. a4 Nf6 38. Rd4 Ng4 39. Bxg4 fxg4 40.
axb5 axb5 41. Rb4 Rc7 42. Rxb5 Ba6 43. Rb4 Rc4 44. Rd4 Rxb4 45. Rxb4 Kf7 46.
Kh2 Bc8 47. Kg3 Bf5 48. Bf4 Rg8 49. Kf2 Rc8 50. g3 Rc5 51. c4 e5 52. dxe6+ Bxe6
53. b3 d5 54. Bd6 Ra5 55. c5 Ra2+ 56. Ke3 Rc2 57. Rb7+ Kf6 58. b4 Rc3+ 59. Kd4
Rc4+ 60. Ke3 Rc1 61. b5 Rc3+ 62. Kd2 d4 63. b6 Bf5 64. Re7 Rc2+ 65. Kd1 Rb2 66.
Bf4 0-1

[Event "BPB Limburg open B"]
[Site "Maastricht"]
[Date "2015.05.24"]
[Round "4"]
[White "Daamen, Roland"]
[Black "Van Roon, Sjoerd"]
[Result "1/2-1/2"]
[WhiteElo "2028"]
[BlackElo "1853"]
[PlyCount "87"]
[EventDate "2015.05.22"]
[EventType "swiss"]
[EventRounds "7"]
[EventCountry "NED"]
[Source "P.Boonen"]
[SourceDate "2015.10.01"]

1. e4 e5 2. Nf3 Nc6 3. Bb5 f5 4. d3 fxe4 5. dxe4 Nf6 6. Bxc6 bxc6 7. Nxe5 Bd6
8. Nd3 Nxe4 9. Qh5+ g6 10. Qf3 Qh4 11. Nc3 Nxc3 12. bxc3 Bb7 13. Qe2+ Qe7 14.
Rb1 O-O-O 15. Qxe7 Bxe7 16. Be3 d6 17. Kd2 c5 18. f3 Bf6 19. Rhe1 Bd5 20. a3
Kd7 21. Nf4 Bc6 22. c4 Rb8 23. Nd5 Bxd5 24. cxd5 Rb6 25. Rb3 Ra6 26. c4 Re8 27.
Kd3 Rb6 28. Reb1 Reb8 29. Kc2 c6 30. dxc6+ Kxc6 31. Bd2 Rxb3 32. Rxb3 Rxb3 33.
Kxb3 d5 34. g4 d4 35. Kc2 Kd6 36. f4 Ke6 37. Kd3 Be7 38. Ke4 Bd6 39. h3 Be7 40.
Be1 Bf6 41. Ba5 Kd6 42. Be1 Ke6 43. Ba5 Kd6 44. Be1 1/2-1/2

[Event "BPB Limburg open B"]
[Site "Maastricht"]
[Date "2015.05.24"]
[Round "4"]
[White "De Boer, Eelke"]
[Black "Meyer, Stefan2"]
[Result "1/2-1/2"]
[WhiteElo "1912"]
[BlackElo "1768"]
[PlyCount "160"]
[EventDate "2015.05.22"]
[EventType "swiss"]
[EventRounds "7"]
[EventCountry "NED"]
[Source "P.Boonen"]
[SourceDate "2015.10.01"]

1. e4 Nf6 2. e5 Nd5 3. d4 d6 4. c4 Nb6 5. exd6 exd6 6. Nc3 Nc6 7. Nf3 Be7 8.
Be3 O-O 9. d5 Nb8 10. h3 Bf6 11. Rc1 N8d7 12. b4 Ne5 13. Nxe5 Bxe5 14. Bd3 f5
15. O-O f4 16. Bxb6 axb6 17. Be4 Qg5 18. Kh1 Qh4 19. Qf3 Ra3 20. Rfd1 Bxc3 21.
Rxc3 Rxc3 22. Qxc3 Qxf2 23. Qc2 Qxc2 24. Bxc2 f3 25. Kg1 Re8 26. Bd3 fxg2 27.
Kxg2 Re3 28. h4 g6 29. Kf2 Re5 30. Kf3 Bf5 31. Bxf5 Rxf5+ 32. Kg3 Kf7 33. Rd3
Kf6 34. Ra3 Ke5 35. Re3+ Kd4 36. Re7 Kxc4 37. Rxc7+ Kxb4 38. Rxb7 b5 39. Rxh7
Rxd5 40. Kg4 Rd2 41. Rd7 d5 42. Kg5 d4 43. Kxg6 d3 44. Kf5 Kc3 45. Rc7+ Kd4 46.
Rd7+ Ke3 47. Re7+ Kf2 48. Rb7 Rb2 49. Rd7 d2 50. h5 Rxa2 51. h6 Ke2 52. h7 Ra8
53. Re7+ Kd1 54. Rg7 Rh8 55. Kg6 b4 56. Rg8 Rxh7 57. Kxh7 b3 58. Rb8 Kc2 59.
Rc8+ Kb2 60. Rd8 Kc3 61. Rc8+ Kb4 62. Rb8+ Kc5 63. Rc8+ Kb6 64. Rb8+ Kc7 65.
Rxb3 d1=Q 66. Rc3+ Kd6 67. Rg3 Qh5+ 68. Kg8 Ke6 69. Rg7 Kf6 70. Ra7 Qg6+ 71.
Kf8 Qh6+ 72. Kg8 Qg5+ 73. Kh8 Qb5 74. Rg7 Qe8+ 75. Kh7 Qh5+ 76. Kg8 Qh6 77.
Rf7+ Ke6 78. Re7+ Kd6 79. Rg7 Qf6 80. Kh7 Ke5 1/2-1/2

[Event "BPB Limburg open B"]
[Site "Maastricht"]
[Date "2015.05.24"]
[Round "4"]
[White "De Boer, Robert"]
[Black "Westerweele, Henrik"]
[Result "1/2-1/2"]
[WhiteElo "1938"]
[BlackElo "1906"]
[PlyCount "121"]
[EventDate "2015.05.22"]
[EventType "swiss"]
[EventRounds "7"]
[EventCountry "NED"]
[Source "P.Boonen"]
[SourceDate "2015.10.01"]

1. e4 e6 2. d4 d5 3. exd5 exd5 4. c4 Nf6 5. Nc3 Bb4 6. Nf3 O-O 7. Bd3 dxc4 8.
Bxc4 Bg4 9. O-O Nc6 10. Be3 Rb8 11. a3 Bxf3 12. Qxf3 Nxd4 13. Qf4 Bxc3 14. bxc3
Nc6 15. Bc5 Re8 16. Rad1 Qc8 17. f3 Re5 18. Bf2 Qf5 19. Qd2 b5 20. Bb3 Rd8 21.
Qb2 Nd5 22. c4 Ne3 23. Rxd8+ Nxd8 24. Bxe3 Rxe3 25. cxb5 Ne6 26. Bxe6 Qxe6 27.
Qd4 Qb6 28. Qxb6 cxb6 29. Rc1 g6 30. a4 Ra3 31. Rc4 Ra2 32. h4 h5 33. Kh2 Kg7
34. Kg3 Kf6 35. Kf4 Ke6 36. g4 Kd5 37. Rb4 Rh2 38. Kg5 Rf2 39. gxh5 gxh5 40.
Rf4 Ke6 41. Kxh5 Rg2 42. Rg4 Rf2 43. Re4+ Kf6 44. Kg4 Rf1 45. Kg3 Rg1+ 46. Kf2
Rc1 47. Ke3 Ra1 48. Rc4 Ke5 49. Re4+ Kf6 50. Rf4+ Ke5 51. Re4+ Kf6 52. Kf4 Rb1
53. Kg3 Rg1+ 54. Kf2 Ra1 55. Kg2 Ra2+ 56. Kg3 Ra1 57. Rf4+ Kg6 58. Rc4 f6 59.
Kf4 Rh1 60. Kg4 Rg1+ 61. Kf4 1/2-1/2

[Event "BPB Limburg open B"]
[Site "Maastricht"]
[Date "2015.05.24"]
[Round "4"]
[White "De Coninck, Erik"]
[Black "Ouwersloot, Hans"]
[Result "1/2-1/2"]
[WhiteElo "1827"]
[BlackElo "1983"]
[PlyCount "55"]
[EventDate "2015.05.22"]
[EventType "swiss"]
[EventRounds "7"]
[EventCountry "NED"]
[Source "P.Boonen"]
[SourceDate "2015.10.01"]

1. Nf3 Nf6 2. g3 d5 3. c4 c6 4. Bg2 g6 5. b3 Bg7 6. Bb2 O-O 7. O-O Nbd7 8. Qc2
Re8 9. e3 Nb6 10. c5 Bf5 11. Qc1 Nbd7 12. d4 Bxb1 13. Rxb1 Ne4 14. Nd2 Ndf6 15.
Nxe4 Nxe4 16. f3 Ng5 17. e4 e5 18. dxe5 dxe4 19. f4 Ne6 20. Bxe4 Qa5 21. Qc3
Qxc5+ 22. Qxc5 Nxc5 23. Bf3 Red8 24. Rbd1 Ne6 25. Bg4 Bf8 26. Rxd8 Rxd8 27. Rd1
Nd4 28. Bxd4 1/2-1/2

[Event "BPB Limburg open B"]
[Site "Maastricht"]
[Date "2015.05.24"]
[Round "4"]
[White "De Freytas, Paul"]
[Black "Bekedam, Tyro"]
[Result "1/2-1/2"]
[WhiteElo "1964"]
[BlackElo "1879"]
[PlyCount "43"]
[EventDate "2015.05.22"]
[EventType "swiss"]
[EventRounds "7"]
[EventCountry "NED"]
[Source "P.Boonen"]
[SourceDate "2015.10.01"]

1. Nf3 Nf6 2. c4 g6 3. Nc3 Bg7 4. e4 d6 5. d4 O-O 6. Be2 e5 7. dxe5 dxe5 8. Bg5
Nbd7 9. O-O c6 10. Qd2 Qc7 11. Rfd1 Nc5 12. Qc2 a5 13. Rac1 Bg4 14. Ne1 Bxe2
15. Qxe2 Ne6 16. Be3 Rad8 17. Nd5 Qb8 18. Nxf6+ Bxf6 19. Qf3 Bg5 20. Bxg5 Nxg5
21. Qe3 Ne6 22. Nf3 1/2-1/2

[Event "BPB Limburg open B"]
[Site "Maastricht"]
[Date "2015.05.24"]
[Round "4"]
[White "De Mon, Gino"]
[Black "Beukema, Jasper"]
[Result "1-0"]
[WhiteElo "1855"]
[BlackElo "1933"]
[PlyCount "117"]
[EventDate "2015.05.22"]
[EventType "swiss"]
[EventRounds "7"]
[EventCountry "NED"]
[Source "P.Boonen"]
[SourceDate "2015.10.01"]

1. e4 e5 2. Nf3 Nc6 3. Bb5 a6 4. Ba4 Nf6 5. O-O b5 6. Bb3 Be7 7. Re1 d6 8. h3
O-O 9. c3 Bb7 10. d4 h6 11. Nbd2 Re8 12. a4 Bf8 13. a5 Rb8 14. d5 Ne7 15. Nf1
c6 16. dxc6 Nxc6 17. Ne3 Nxa5 18. Bd5 Nxe4 19. Bxb7 Nxb7 20. Rxa6 Nbc5 21. Ra2
Ra8 22. Rxa8 Qxa8 23. Nd5 f5 24. Nc7 Nxf2 25. Qe2 Qa7 26. Nxe8 Nfd3 27. Be3
Nxe1 28. Nxe1 Qd7 29. Bxc5 dxc5 30. Qxe5 Kf7 31. Nf3 Qxe8 32. Qxf5+ Kg8 33. Kf2
Qc6 34. Ke3 c4 35. g4 Bc5+ 36. Nd4 b4 37. cxb4 Qe8+ 38. Qe4 Qxe4+ 39. Kxe4 Bxb4
40. Nb5 Kf7 41. Kd4 Kf6 42. Kxc4 Be1 43. Nd4 Bg3 44. Kd5 g6 45. b4 h5 46. gxh5
gxh5 47. b5 Kg5 48. b6 Bb8 49. Nc6 Bh2 50. Ke6 Kh4 51. Ne5 Kxh3 52. b7 Bxe5 53.
Kxe5 Kg3 54. b8=Q h4 55. Qb1 Kg2 56. Qc2+ Kg3 57. Qd3+ Kh2 58. Qe2+ Kg3 59.
Qe1+ 1-0

[Event "BPB Limburg open B"]
[Site "Maastricht"]
[Date "2015.05.24"]
[Round "4"]
[White "Decruyenaere, Robbert"]
[Black "Boom, Harrie"]
[Result "1-0"]
[WhiteElo "1697"]
[BlackElo "1780"]
[PlyCount "115"]
[EventDate "2015.05.22"]
[EventType "swiss"]
[EventRounds "7"]
[EventCountry "NED"]
[Source "P.Boonen"]
[SourceDate "2015.10.01"]

1. d4 Nf6 2. c4 g6 3. Nc3 d5 4. cxd5 Nxd5 5. e4 Nxc3 6. bxc3 Bg7 7. Bc4 c5 8.
Ne2 Nc6 9. Be3 O-O 10. O-O Qc7 11. Qc2 Bd7 12. Rfd1 Na5 13. Qd3 cxd4 14. Bxd4
Bxd4 15. Qxd4 Ba4 16. Bxf7+ Rxf7 17. Qxa4 e5 18. Qb5 a6 19. Qb4 Nc6 20. Qc5 Rc8
21. Rab1 Qb8 22. Qe3 Qc7 23. Rd3 Kg7 24. Rbd1 Re8 25. Ng3 h6 26. Ne2 Ree7 27.
Qh3 Qb6 28. Qg3 Qc7 29. Rd5 Kh7 30. Rd6 Rg7 31. Qg4 Ref7 32. f3 Qb6+ 33. Kf1
Qc7 34. Ng3 Re7 35. h4 h5 36. Qg5 Rd7 37. Nf5 Rxd6 38. Qh6+ Kg8 39. Nxd6 Qe7
40. Qg5 Qxg5 41. hxg5 Rd7 42. Ke2 Kf8 43. Rd3 Ke7 44. Nf5+ Ke6 45. Rxd7 Kxd7
46. Nh4 Ne7 47. Kd3 Kc6 48. Kc4 b5+ 49. Kb4 Kb6 50. g3 a5+ 51. Kb3 Kc5 52. a4
bxa4+ 53. Kxa4 Kb6 54. c4 Kc5 55. Kxa5 Kxc4 56. Kb6 Kd4 57. Kc7 Ke3 58. Kd6 1-0

[Event "BPB Limburg open B"]
[Site "Maastricht"]
[Date "2015.05.24"]
[Round "4"]
[White "Dietz, Jonas"]
[Black "Moog, Gerhard"]
[Result "1/2-1/2"]
[WhiteElo "1744"]
[BlackElo "1869"]
[PlyCount "93"]
[EventDate "2015.05.22"]
[EventType "swiss"]
[EventRounds "7"]
[EventCountry "NED"]
[Source "P.Boonen"]
[SourceDate "2015.10.01"]

1. b3 Nf6 2. Bb2 e6 3. e3 Be7 4. Nf3 O-O 5. h3 d5 6. c4 c6 7. Nc3 Nbd7 8. Be2
Re8 9. O-O Nf8 10. Rc1 h6 11. Ne5 Bd6 12. d4 N8d7 13. f4 Nf8 14. Bh5 g6 15. Be2
N6h7 16. Bd3 f5 17. Kh2 Nf6 18. Be2 Re7 19. Qe1 Rg7 20. Rg1 g5 21. g3 Bd7 22.
Qf2 Be8 23. Rg2 Rc8 24. Rcg1 Rcc7 25. c5 Be7 26. b4 b5 27. a4 a6 28. axb5 axb5
29. Ra1 Ng6 30. Rgg1 Nxe5 31. fxe5 Ne4 32. Nxe4 fxe4 33. Bg4 Bf7 34. Ra6 h5 35.
Be2 Bg6 36. Rga1 Rf7 37. Qe1 Bf8 38. Kg2 h4 39. g4 Rc8 40. R1a5 Rb7 41. Qa1 Be8
42. Ra7 Rcc7 43. Rxb7 Rxb7 44. Ra8 Rb8 45. Ra7 Be7 46. Qa6 Kf8 47. Bc3 1/2-1/2

[Event "BPB Limburg open B"]
[Site "Maastricht"]
[Date "2015.05.24"]
[Round "4"]
[White "Erikstad, Olav"]
[Black "Van den Bos, Frans Pieter"]
[Result "0-1"]
[WhiteElo "1853"]
[BlackElo "1959"]
[PlyCount "124"]
[EventDate "2015.05.22"]
[EventType "swiss"]
[EventRounds "7"]
[EventCountry "NED"]
[Source "P.Boonen"]
[SourceDate "2015.10.01"]

1. e4 e6 2. d4 d5 3. e5 c5 4. c3 Nc6 5. Nf3 Qb6 6. Bd3 cxd4 7. cxd4 Bd7 8. O-O
Nxd4 9. Nxd4 Qxd4 10. Nc3 Qxe5 11. Re1 Qb8 12. Nxd5 Bd6 13. Qg4 Kf8 14. Nf4 Nf6
15. Qh4 h6 16. Nh5 Bxh2+ 17. Kh1 Nxh5 18. Qxh5 Bd6 19. Bd2 Bc6 20. Bc3 Qd8 21.
Be4 Bxe4 22. Rxe4 Qg5 23. Qh3 Qf5 24. Rg4 Be5 25. Bxe5 Qxe5 26. Rb4 Qd5 27. Qg3
Rc8 28. Qa3 Kg8 29. Qxa7 Kh7 30. Qxb7 Qh5+ 31. Kg1 Rhd8 32. Qe4+ f5 33. Qe1 Rc2
34. Rb3 Re2 35. Qb4 Re4 36. Qe7 Rd1+ 37. Rxd1 Qxd1+ 38. Kh2 Re1 39. Qb4 Rh1+
40. Kg3 e5 41. f4 Qg4+ 42. Kf2 Qh4+ 43. Ke2 Qh2 44. Rf3 Qxg2+ 45. Rf2 Qg4+ 46.
Ke3 Rh3+ 47. Kd2 e4 48. Re2 Qxf4+ 49. Kc2 Qc7+ 50. Kb1 Rd3 51. Re1 Qd7 52. Kc2
e3 53. Re2 Rd4 54. Qe1 Rc4+ 55. Kb1 Qd3+ 56. Ka1 Qxe2 57. Qb1 Qc2 58. b4 Qxb1+
59. Kxb1 Rxb4+ 60. Ka1 e2 61. a3 e1=Q+ 62. Ka2 Qb1# 0-1

[Event "BPB Limburg open B"]
[Site "Maastricht"]
[Date "2015.05.24"]
[Round "4"]
[White "Feltman, Bart"]
[Black "Bondarchuk, Vadim"]
[Result "1/2-1/2"]
[WhiteElo "1806"]
[BlackElo "2034"]
[PlyCount "92"]
[EventDate "2015.05.22"]
[EventType "swiss"]
[EventRounds "7"]
[EventCountry "NED"]
[Source "P.Boonen"]
[SourceDate "2015.10.01"]

1. b4 e5 2. Bb2 d6 3. e3 Nf6 4. Be2 g6 5. Nf3 Bg7 6. c4 O-O 7. O-O b6 8. Nc3
Bb7 9. Qb3 Nbd7 10. Rfd1 c5 11. d3 Qe7 12. a3 Rfd8 13. Nd2 h5 14. Nde4 Ng4 15.
h3 Ngf6 16. Bf3 Ne8 17. Nd2 Bxf3 18. Nxf3 Nc7 19. e4 Nf8 20. Nd5 Qd7 21. Bc1 f6
22. Qc2 Nfe6 23. Be3 Rf8 24. Nh4 Kh7 25. Qe2 Bh6 26. Qf3 Qf7 27. Nxc7 Nxc7 28.
Bxh6 Kxh6 29. Qe3+ Kh7 30. f4 exf4 31. Qxf4 g5 32. Qf5+ Kg7 33. Nf3 Qe6 34. b5
Qxf5 35. exf5 d5 36. Re1 Rfe8 37. Kf2 h4 38. a4 Kf7 39. a5 Rxe1 40. Kxe1 dxc4
41. dxc4 Ke7 42. Kf2 Rd8 43. axb6 axb6 44. Ra7 Rd7 45. Rb7 Na8 46. Rb8 Rd8
1/2-1/2